[Event "World ol U16"]
[Site "Poprad"]
[Date "2016.07.27"]
[Round "6.2"]
[White "Kara, Zahra"]
[Black "Kou, Seong Kei"]
[Result "0-1"]
[WhiteElo "1335"]
[BlackElo "1398"]
[PlyCount "144"]
[EventDate "2016.07.22"]
[EventType "team-swiss"]
[EventRounds "9"]
[EventCountry "SVK"]
[SourceTitle "EXT 2017"]
[Source "ChessBase"]
[SourceDate "2016.10.25"]
[SourceVersion "1"]
[SourceVersionDate "2016.10.25"]
[SourceQuality "1"]
[WhiteTeam "South Africa III"]
[BlackTeam "Macau"]
[WhiteTeamCountry "RSA"]
[BlackTeamCountry "MAC"]

1. e4 c6 2. d4 d5 3. Nc3 dxe4 4. Nxe4 Bf5 5. Ng3 Bg6 6. Nf3 Nd7 7. Nh4 Ngf6 8. Nxg6 hxg6 9. c3 Qc7 10. Bd3 e6 11. h3 Bd6 12. Ne4 Nxe4 13. Bxe4 Nf6 14. Bd3 Nd5 15. Qc2 0-0-0 16. Bd2 Bf4 17. 0-0-0 g5 18. Kb1 Bxd2 19. Qxd2 Qf4 20. Qxf4 Nxf4 21. Be4 Rh6 22. Rh2 f5 23. Bc2 g4 24. h4 g5 25. g3 Ng6 26. Re1 Kd7 27. Reh1 gxh4 28. gxh4 Rdh8 29. h5 Nf4 30. Bd1 Rxh5 31. Rxh5 Rxh5 32. Rxh5 Nxh5 33. Kc2 Nf4 34. Kd2 Kd6 35. Ke3 Nh3 36. b3 e5 37. dxe5+ Kxe5 38. Bc2 f4+ 39. Ke2 Ng1+ 40. Kf1 Nf3 41. Ke2 Nh2 42. Bd3 g3 43. fxg3 fxg3 44. a3 g2 45. Kf2 Nf3 46. Kxg2 Ne1+ 47. Kf2 Nxd3+ 48. Ke3 Nc1 49. b4 Kd5 50. Kd2 Kc4 51. Kxc1 Kxc3 52. b5 cxb5 53. Kb1 Kb3 54. Ka1 Kxa3 55. Kb1 b4 56. Ka1 b3 57. Kb1 b2 58. Kc2 Ka2 59. Kd3 b1Q+ 60. Ke3 Qc2 61. Kf4 Qe2 62. Kf5 Qe3 63. Kg4 b5 64. Kf5 b4 65. Kg4 b3 66. Kf5 b2 67. Kg4 b1R 68. Kf5 Rf1+ 69. Kg4 Qf3+ 70. Kh4 Rh1+ 71. Kg5 Rg1+ 72. Kh6 Qh1# 0-1

[Event "World ol U16"]
[Site "Poprad"]
[Date "2016.07.23"]
[Round "2.2"]
[White "Huygebaert, Batist"]
[Black "Kou, Seong Kei"]
[Result "1-0"]
[WhiteElo "1850"]
[BlackElo "1398"]
[PlyCount "55"]
[EventDate "2016.07.22"]
[EventType "team-swiss"]
[EventRounds "9"]
[EventCountry "SVK"]
[SourceTitle "EXT 2017"]
[Source "ChessBase"]
[SourceDate "2016.10.25"]
[SourceVersion "1"]
[SourceVersionDate "2016.10.25"]
[SourceQuality "1"]
[WhiteTeam "Belgium"]
[BlackTeam "Macau"]
[WhiteTeamCountry "BEL"]
[BlackTeamCountry "MAC"]

1. d4 Nf6 2. c4 e6 3. Nf3 b6 4. g3 Bb7 5. Bg2 Ne4 6. 0-0 Be7 7. Nbd2 f5 8. Qc2 d6 9. Ne1 Nxd2 10. Bxb7 Nxf1 11. Bxa8 Nxg3 12. hxg3 c6 13. d5 Qc8 14. Bxc6+ Nxc6 15. Qa4 0-0 16. Qxc6 Qa6 17. Qd7 Bf6 18. Qxe6+ Kh8 19. Nd3 Qxc4 20. Bf4 h6 21. Bxd6 Rd8 22. Be5 Rf8 23. Rc1 Qa6 24. Bxf6 gxf6 25. Nf4 Rg8 26. Qxf6+ Kh7 27. Rc7+ Rg7 28. Qxg7# 1-0